00561nam a22001817a 45000050016000000100014000160200023000300350013000530370013000660820014000791000021000932450069001142600036001832700064002193000026002835000050003097000020003592010072205365.0 aENG-97345 c400.00a8186409874 aEN-80878 bDBAD/PUB a796.96264 aDureha, Dilip K. aTeaching & coaching hockey /cby Dilip K. Dureha, Akhil Mehrotra aDelhibJanavani Prakashanc2009 a30/35-36, Gali No.9, Vishwas Nagar Shahdara,bDelhie110032 a215p.c23cm (Hb)bill aIncludes bibliographical references and index aMehrotra, Akhil